000 006300000a22001810004500
005 20240229153758.0
008 230817t ||||| |||| 00| 0 eng d
041 _aeng
080 _a331.4
_bGAM
100 _aGamburd, Michele Ruth
245 _aHousemaids at home and abroad:
_blabour migration and social transformation in a Sri Lankan village
260 _aMichigan:
_bUMI Dissertation Services,
_c1995
300 _axi., 308 p.
502 _gSubmitted to The University of Michigan for the degree of Doctor of Philosophy (Anthropology)
650 _aWOMEN WORKERS-Sri Lanka
650 _aAnthropology, Cultural
942 _cTH
999 _c104
_d104